La granja del Retiro (Record no. 167046)

MARC details
000 -LEADER
campo de control de longitud fija 01384nam a2200241 i 4500
001 - NÚMERO DE CONTROL
campo de control 167046
003 - IDENTIFICADOR DE NÚMERO DE CONTROL
campo de control ES-MaACL
005 - FECHA Y HORA DE LA ÚLTIMA TRANSACCIÓN
campo de control 20230906213440.0
008 - DATOS DE LONGITUD FIJA--INFORMACIÓN GENERAL
campo de control de longitud fija 011122s1878 sp f |||| | spa d
040 ## - FUENTE DE CATALOGACIÓN
Centro catalogador/agencia de origen CAM
Lengua de catalogación spa
Centro/agencia transcriptor CAM
080 ## - NÚMERO DE LA CLASIFICACIÓN DECIMAL UNIVERSAL
Número de la Clasificación Decimal Universal 725.8.012.1(460.27 M.)
080 ## - NÚMERO DE LA CLASIFICACIÓN DECIMAL UNIVERSAL
Número de la Clasificación Decimal Universal 94(460.27 M.)"18"
100 1# - ENTRADA PRINCIPAL--NOMBRE DE PERSONA
Nombre de persona Vázquez Brabo, José.
9 (RLIN) 133842
245 13 - MENCIÓN DEL TÍTULO
Título La granja del Retiro
Resto del título : establecimiento científico-recreativo proyectado en el parque de Madrid por Luis Fernández Prestel : objeto, antecedentes, esplicacion [sic] y estado en que se encuentra este proyecto en el Ayuntamiento de Madrid y juicio formulado por la prensa periódica /
Mención de responsabilidad, etc. por José Vázquez Brabo.
246 33 - FORMA VARIANTE DEL TITULO
Título propio/Titulo breve La granja del Retiro
Resto del título : establecimiento científico-recreativo proyectado en el parque de Madrid por D. Luis Fernández Prestel : objeto, antecedentes, explicación y estado en que se encuentra este proyecto
260 ## - PUBLICACIÓN, DISTRIBUCIÓN, ETC.
Lugar de publicación, distribución, etc. Madrid :
Nombre del editor, distribuidor, etc. [s.n.],
Fecha de publicación, distribución, etc. 1878 (
Fabricante Imp. y Estereotipia de Álvarez Hermanos)
300 ## - DESCRIPCIÓN FÍSICA
Extensión 51 p., [1] h. pleg., [1] h. de lám. ;
Dimensiones 22 cm.
530 ## - NOTA DISPONIBLE DE FORMULARIO FÍSICO ADICIONAL
Nota de formato físico adicional disponible Disponible en formato digital.
651 #4 - PUNTO DE ACCESO ADICIONAL DE MATERIA--NOMBRE GEOGRÁFICO
Nombre geográfico El Retiro (Madrid)
9 (RLIN) 153793
852 ## - LOCALIZACIÓN
Ubicación ES-MaACL
Número de control de estantería Fol-Laf-261
Nota libre -- Rust.
-- -- Legado M. de la Fuente
852 ## - LOCALIZACIÓN
Ubicación ES-MaACL
Número de control de estantería T-258-F-9
Nota libre - Enc. hol.
-- - Enc. en un vol. facticio
856 ## - LOCALIZACIÓN Y ACCESO ELECTRÓNICOS
Identificador Uniforme de Recursos <a href="http://bdh-rd.bne.es/viewer.vm?id=0000077989&page=1 ">http://bdh-rd.bne.es/viewer.vm?id=0000077989&page=1 </a>
Nota pública Biblioteca Digital Hispánica
Holdings
Estatus retirado Estado de pérdida Estado de daño No para préstamo Colección Biblioteca de origen Biblioteca actual Ubicación en estantería Fecha de adquisición Total de préstamos Signatura topográfica completa Código de barras Visto por última vez Precio de reemplazo Tipo de ítem Koha Fuente de adquisición
        Colección de folletos Biblioteca del Ateneo de Madrid Biblioteca del Ateneo de Madrid Depósito folletos 17/01/2008   T-258-F-9 1175228 23/02/2023 23/02/2023 Folleto  
        Colección de folletos Biblioteca del Ateneo de Madrid Biblioteca del Ateneo de Madrid Depósito folletos 17/01/2008   Fol-Laf-261 1175227 23/02/2023 23/02/2023 Folleto